Get the Picture: Varys or Littlefinger? Quiz Stats

 Plays Quiz Updated Nov 25, 2019

Score 0/20 Timer 04:00
2 Plays Today
Question Answer Wrong Answers
Which character tells Lysa Arryn that he has always loved only one woman, before pushing Lysa out of the Moon Door? Littlefinger
89.1%
Varys
5.2%
Which character formulates a plan to separate the Stark sisters by getting them to doubt each other's intentions? Littlefinger
87.6%
Varys
5.9%
Which character is brought to a contrived trial of Arya, unaware that the trial is for him? Littlefinger
87.2%
Varys
6.7%
Which character has always hated those who claim to wield magical powers because of a sorceror who once held him captive? Varys
86.7%
Littlefinger
6.9%
Which character is sometimes called the 'Spider' and was the Master of Whispers? Varys
86.2%
Littlefinger
7.6%
Which character said to Ned Stark, 'I did warn you not to trust me'? Littlefinger
84.6%
Varys
9.4%
Which character provides Tyrion with a map of the tunnel network under the city, for use in the Battle of the Blackwater? Varys
84%
Littlefinger
10.1%
Which character is discreetly followed around The Neck by Brienne and Podrick? Littlefinger
80.4%
Varys
13.5%
Which character was once taunted by the High Priestess Kinvara? Varys
79.9%
Littlefinger
14.3%
Which character is present at the parley in the Dragonpit? Varys
79.9%
Littlefinger
13.8%
Which character secretly conspires with Illyrio Mopatis to transport two other characters to Essos? Varys
78.5%
Littlefinger
15.2%
Which character travels to Harrenhal to propose an alliance between House Lannister and House Tyrell? Littlefinger
77.2%
Varys
16.7%
Which character leaves his position as Master of Coin to Tyrion? Littlefinger
75.5%
Varys
18.1%
Which character hears the Red Keep bells toll to signal Tywin's death, and decides to leave King's Landing? Varys
74.7%
Littlefinger
18.9%
Which character helps Tyrion install Shae as a handmaiden to Sansa? Varys
71.9%
Littlefinger
22%
Which character said 'Only the ladder is real. The climb is all there is'? Littlefinger
67.7%
Varys
26.1%
Which character promises 'fire and blood' to Olenna and the Sand Snakes? Varys
67.7%
Littlefinger
26.7%
Which character conspires with Olenna to murder Joffrey Baratheon? Littlefinger
67.6%
Varys
26.2%
Which character spends a significant amount of time in Runestone with Yohn Royce? Littlefinger
67%
Varys
26.8%
Which character convinces Lady Olenna to arrange a marriage between Sansa and Loras? Varys
42.1%
Littlefinger
51.7%

Today's Daily Dose

You're not logged in!

Compare scores with friends on all Sporcle quizzes.
OR
Log In

Sporcle TV

Today on Sporcle TV


Watch our educational content, quiz creation guides, and fun videos on Sporcle TV.

Show Comments

Extras

Top Quizzes Today


Score Distribution

Your Account Isn't Verified!

In order to create a playlist on Sporcle, you need to verify the email address you used during registration. Go to your Sporcle Settings to finish the process.

Report this User

Report this user for behavior that violates our Community Guidelines.

Details: